Loading...
| Philosophy | 0 | 8 | 2 | 0 | 70 | 26 | 80.00 | 8 | 8 | 0.00 | 0.00 |
| Social Science | 0 | 7 | 1 | 1 | 65 | 46 | 82.71 | 5 | 7 | 0.00 | 0.00 |
| Religion | 0 | 4 | 0 | 2 | 40 | 96 | 115.50 | 2 | 4 | 0.00 | 0.00 |
| History - European | 0 | 5 | 2 | 2 | 40 | 82 | 107.20 | 3 | 5 | 0.00 | 0.00 |
| History - World | 0 | 4 | 1 | 2 | 35 | 44 | 90.00 | 2 | 4 | 0.00 | 0.00 |
| Fine Arts - Classical Music | 0 | 3 | 1 | 1 | 25 | 109 | 122.00 | 0 | 3 | 0.00 | 0.00 |
| Fine Arts - Other | 0 | 3 | 1 | 0 | 25 | 28 | 70.33 | 3 | 3 | 0.00 | 0.00 |
| Literature - World | 0 | 2 | 0 | 0 | 20 | 57 | 62.50 | 2 | 2 | 0.00 | 0.00 |
| Current Events | 0 | 1 | 0 | 0 | 10 | 85 | 85.00 | 1 | 1 | 0.00 | 0.00 |
| History - American | 0 | 2 | 2 | 0 | 10 | 90 | 98.00 | 0 | 2 | 0.00 | 0.00 |
| Mythology | 0 | 1 | 0 | 1 | 10 | 96 | 96.00 | 1 | 1 | 0.00 | 0.00 |
| History - Other | 0 | 2 | 3 | 0 | 5 | 93 | 109.00 | 1 | 2 | 0.00 | 0.00 |
| Geography | 0 | 1 | 1 | 1 | 5 | 135 | 135.00 | 1 | 1 | 0.00 | 0.00 |
| Fine Arts - Painting and Sculpture | 0 | 1 | 1 | 0 | 5 | 102 | 102.00 | 1 | 1 | 0.00 | 0.00 |
| Pop Culture | 0 | 0 | 1 | 0 | -5 | 0.00 | 0 | 0 | 0.00 | 0.00 |